000 00335nam a22001337a 4500
020 _a0 09 156131 0
082 _a320.5POL
245 _aPOLITICAL IDEOLOGIIES :AN INTRODUCTION
260 _aLONDON
_bHUTCHINSON
_c1984
300 _a255pg
_b25cm
500 _aincludes index
700 _aRichard Jay,V.G. Wilford ,R.
_91039
942 _cBK
999 _c15925
_d15925